Normal view
MARC view
- Robinsonades
Entry Genre/Form Term
001 - CONTROL NUMBER
- control field: 86049
003 - CONTROL NUMBER IDENTIFIER
- control field: OSt
005 - DATE AND TIME OF LATEST TRANSACTION
- control field: 20250211115212.0
008 - FIXED-LENGTH DATA ELEMENTS
- fixed length control field: 250211|| aca||aabn | a|a d
040 ## - CATALOGING SOURCE
- Original cataloging agency: OSt
- Transcribing agency: OSt
155 ## - HEADING--GENRE/FORM TERM
- Genre/form term: Robinsonades
670 ## - SOURCE DATA FOUND
- Source citation: Work cat.: (OSt)48424: Tait, Chris. author. 84895, The Swiss family Robinson /, 2007.